000 00667nam a22002297a 4500
001 30741
003 UA-OsUOA
005 20220702120341.0
007 ta
008 20041115b un ||||| |||| 00| 0 ukr d
040 _aUA-OsUOA
_brus
_cUA-OsUOA
_dUA-OsUOA
041 _arus
044 _aRU
080 _a82.09(47+57)
090 _a82.09(47+57)
_bС56
245 _aСоветские писатели
_bавтобиографии в 2-х т.
_cсост. Б. Я. Брайнина, Е. Ф. Никитина
260 _aМосква
_bХудожественная литература
_c1956
505 _gт. 1
650 7 _2UDC
942 _cBK
_2udc
955 _a0
999 _c317155
_d317155